Les communes desservies par le métro et le tramway de Lille - Statistiques

Statistiques générales
  • Ce quiz a été pris 109 fois
  • Le résultat moyen est 25 sur 38
Statistiques - réponses
Mode de transport Initiale Commune % Correct
Tramway / Mongy R Roubaix
99%
Métro R Roubaix
99%
Futur tramway (2035) R Roubaix
99%
Tramway / Mongy T Tourcoing
99%
Métro T Tourcoing
99%
Futur tramway (2035) T Tourcoing
99%
Tramway / Mongy V Villeneuve d'Ascq
94%
Métro V Villeneuve d'Ascq
94%
Tramway / Mongy W Wasquehal
86%
Métro W Wasquehal
86%
Tramway / Mongy L Lille
85%
Métro L Lille
85%
Futur tramway (2035) L Lille
85%
Tramway / Mongy M Marcq-en-Baroeul
84%
Métro L Lille-{Lomme}
83%
Tramway / Mongy C Croix
79%
Métro C Croix
79%
Tramway / Mongy L La Madeleine
78%
Métro M Mons-en-Baroeul
78%
Métro H Lille-{Hellemmes}
74%
Métro L Lambersart
72%
Futur tramway (2035) W Wattrelos
68%
Métro F Lille-{Fives}
65%
Futur tramway (2035) L Loos
64%
Tramway / Mongy M Mouvaux
60%
Futur tramway (2035) H Hem
53%
Futur tramway (2035) H Haubourdin
47%
Futur tramway (2035) W Wambrechies
41%
Futur tramway (2035) S Seclin
37%
Futur tramway (2035) F Faches-Thumesnil
36%
Futur tramway (2035) R Roncq
35%
Futur tramway (2035) M Marquette-lez-Lille
31%
Futur tramway (2035) C Comines
26%
Futur tramway (2035) S Saint-André-lez-Lille
26%
Futur tramway (2035) Q Quesnoy-sur-Deûle
25%
Futur tramway (2035) D Deûlemont
19%
Futur tramway (2035) T Templemars
15%
Futur tramway (2035) H Hallennes-lez-Haubourdin
10%
Aucun quiz correspondant
Distribution des résultats
% des personnes avec chaque résultat
Percentile par nombre de réponses
Votre historique - résultats
Vous n’avez pas pris ce quiz